00927cam a22002535a 4500999001700000005001700017008004100034020001500075020001800090040004300108082002100151100002300172245009600195260005600291300003300347500002000380650003900400650002300439651001000462653002400472700002700496942000800523952014200531 c26878d2685020190917123430.0930104t1993 njua fr 001 0 eng  a0133957241 a9780133957242 aDLCbengcDLCdDLCdEG-ScBUEdEG-ScBUE04a621.381bJON2221 aJohnson, Howard W.10aHigh-speed digital design :ba handbook of black magic /cHoward W. Johnson, Martin Graham. aUpper Saddle River, N.J. :bPrentice Hall,cc.1993. axi, 447 p. :bill. ;c24 cm. aIncludes index. 7aDigital electronics.2BUEsh910844 0aLogic design93913 2BUEsh bENGELCcOctober20181 aGraham, Martin,d1926- 2ddc 00102ddc40708BaccahaMAINbMAINc1STd2018-10-14ePurchaseg405.00h21201l0o621.381 JONp000043237r2025-07-15 00:00:00v506.00yBB